Music Quiz

Random Music or Kpop Quiz
Score 0/30 Timer 10:00
0 Plays Today
Time Song % Correct
00:16-00:24Electric shock
80.1%
03:52-04:00Sherlock
79.4%
00:40-00:48Monster
76.9%
00:48-00:56Trouble maker
76.4%
01:36-01:44History
73.3%
03:28-03:36Alone
71%
03:04-03:12I love you
68.2%
01:44-01:52Twinkle
64.4%
03:12-03:20The chaser
64%
02:16-02:24Day by day
59.7%
00:08-00:16Cry cry
56.4%
02:56-03:04Insane
54%
02:24-02:32Touch
52.6%
00:24-00:32Flashback
46.3%
01:20-01:28You and i
46.2%
Time Song % Correct
02:08-02:16Hey you
45.6%
02:40-02:48Baby i'm sorry
44.4%
03:20-03:28Love is move
43.5%
00:00-00:08My my
41%
02:00-02:08Believe
38.8%
00:32-00:40Illa illa
35.4%
02:48-02:56Paparazzi
34.9%
03:44-03:52Venus
34.7%
01:28-01:36Run
31.3%
02:32-02:40Time to love
17.9%
01:04-01:12Whoz that girl
16.5%
03:36-03:44Banmal song
8.9%
00:56-01:04Stupid love
7.9%
01:52-02:00Someone else
5.4%
01:12-01:20You you
4.1%
Remove Ads.
Support Sporcle.
Get the best of Sporcle when you Go Orange. This ad-free experience offers more features, more stats, and more fun while also helping to support Sporcle. Thank you for becoming a member.

You're not logged in!

Compare scores with friends on all Sporcle quizzes.
OR
Log In

Show Comments

Extras

Top Quizzes Today


Score Distribution

Your Account Isn't Verified!

In order to create a playlist on Sporcle, you need to verify the email address you used during registration. Go to your Sporcle Settings to finish the process.

Report this User

Report this user for behavior that violates our Community Guidelines.

Details: